| 000 | 00681nam a2200193 a 4500 | ||
|---|---|---|---|
| 005 | 20251205063951.0 | ||
| 008 | 991125s1982 mx 000 0 spa u | ||
| 035 | _aUPN01000018665 | ||
| 049 | _aF | ||
| 050 | 4 |
_aLB1025 _bD5 no.12 |
|
| 100 | 1 | _aGarcía Malo Urrutia, Javier | |
| 245 | 1 | 3 |
_aUn ejemplo de aplicación de los niveles de conocimiento de Bloom a las matrices matemáticas / _cJavier García Malo Urrutia. |
| 260 |
_aMéxico : _bUniversidad Iberoamericana, Centro de Didáctica, _c1982. |
||
| 300 | _ap. 107-116 | ||
| 440 | 0 |
_aDIDAC. _pBoletín ; _v12 |
|
| 650 | 4 |
_aEnseñanza _vColecciones _921467 |
|
| 650 | 4 |
_aMatemáticas _xPlanes y programas _912134 |
|
| 905 | _aLibro | ||
| 999 |
_c18665 _d18665 |
||